01006 2200337 4500001002100000005001500021035002000036007000300056008004100059020002200100040002200122082001400144084001600158090002000174090002200194100002900216245010200245250002600347300003700373650002100410650001100431700002900442700002600471850001200497264004100509336002100550337003000571338002300601999002200624990002200646INLIS00000000085360920191211103705 a0010-1219000295ta191209s2018 yoia g ind d a978-602-5752-33-9 aYOPDYOGbinderda04223a745.5 a745.5 LIN d aDEP 745.5 LIN d aCB-D.11 2018-26620 aLina Purnawantiepenulis10a22 kreasi pilihan aksesori hijab /cpenulis, Lina Purnawanti; penyunting, Ifah Hanifah, Marta Biu aCetakan pertama, 2018 a72 halaman :bilustrasi ;c29 cm 4aKerajinan tangan 4aJilbab0 aIfah Hanifahepenyunting0 aMarta Biuepenyunting aYOPDYOG aYogyakarta :bMedia Pressindo,c2018 2rdacontentateks 2rdamediaatanpa perantara 2rdacarrieravolume aCB-D.11/2018-2662 aCB-D.11/2018-2662